banner koha

Características quantitativas da carcaça e qualitativas do músculo Longissimus dorsi de cabritos três quartos Boer + um quarto Saanen confinados recebendo rações contendo grãos de oleaginosas (Registro n. 207089)

MARC details
000 -LÍDER
campo de controle de tamanho fixo 01208nas a2200385 4500
001 - NÚMERO DE CONTROLE
campo de controle BR2010003185
003 - IDENTIFICADOR DO NÚMERO DE CONTROLE
campo de controle BR-BrBNA
005 - DATA E HORÁRIO DA ÚLTIMA TRANSAÇÃO
campo de controle 20231205114113.0
007 - CAMPO FIXO DE DESCRIÇÃO FÍSICA--INFORMAÇÃO GERAL
campo de controle de tamanho fixo ta
008 - CAMPO DE DADOS FIXOS--INFORMAÇÃO GERAL
campo de controle de tamanho fixo 230509b bl.|||p| |||| 00| 00por d
040 ## - FONTE DA CATALOGAÇÃO
Instituição da catalogação original BR-BrBNA
Idioma da catalogação por
Instituição que transcreveu o registro Biblioteca Nacional de Agricultura
041 ## - CÓDIGO DE IDIOMA
Código do idioma do texto/trilha sonora ou título diferente (Pt)
072 ## - CÓDIGO DE CATEGORIA DE ASSUNTO
Código de Categoria de Assunto L50; L02; L01
100 1# - ENTRADA PRINCIPAL--NOME PESSOAL
Nome pessoal Grande, P.A.
100 1# - ENTRADA PRINCIPAL--NOME PESSOAL
Nome pessoal Alcalde, C.R.
100 1# - ENTRADA PRINCIPAL--NOME PESSOAL
Nome pessoal Lima, L. S. de
100 1# - ENTRADA PRINCIPAL--NOME PESSOAL
Nome pessoal Ayer, I.M.
100 1# - ENTRADA PRINCIPAL--NOME PESSOAL
Nome pessoal Macedo, F. de A.F. de
100 1# - ENTRADA PRINCIPAL--NOME PESSOAL
Nome pessoal Matsushita, M.
245 1# - TÍTULO
Título Características quantitativas da carcaça e qualitativas do músculo Longissimus dorsi de cabritos três quartos Boer + um quarto Saanen confinados recebendo rações contendo grãos de oleaginosas
650 ## - ASSUNTO--TERMO TÓPICO
Cabeçalho tópico ou nome geográfico CABRITO
650 ## - ASSUNTO--TERMO TÓPICO
Cabeçalho tópico ou nome geográfico ÁCIDO GRAXO
650 ## - ASSUNTO--TERMO TÓPICO
Cabeçalho tópico ou nome geográfico LIPÍDIO
650 ## - ASSUNTO--TERMO TÓPICO
Cabeçalho tópico ou nome geográfico CARNE
650 ## - ASSUNTO--TERMO TÓPICO
Cabeçalho tópico ou nome geográfico QUALIDADE
650 ## - ASSUNTO--TERMO TÓPICO
Cabeçalho tópico ou nome geográfico CARCAÇA
650 ## - ASSUNTO--TERMO TÓPICO
Cabeçalho tópico ou nome geográfico RENDIMENTO
650 ## - ASSUNTO--TERMO TÓPICO
Cabeçalho tópico ou nome geográfico RAÇÃO
650 ## - ASSUNTO--TERMO TÓPICO
Cabeçalho tópico ou nome geográfico COMPOSIÇÃO QUÍMICA
650 ## - ASSUNTO--TERMO TÓPICO
Cabeçalho tópico ou nome geográfico MÚSCULO
650 ## - ASSUNTO--TERMO TÓPICO
Cabeçalho tópico ou nome geográfico CONFINAMENTO
773 0# - ENTRADA ANALÍTICA
Título Revista Brasileira de Zootecnia (Brazil)
ISSN - International Standard Serial Number ISSN 1516-3598
Partes relacionadas (Jun 2009), v. 38(6) p. 1104-1113
Número de controle do registro BR2010003185
909 ## -
-- 202311
-- Lúcia
-- 55
-- Lúcia Elande
942 ## - ELEMENTOS DE ENTRADA ADICIONADOS (KOHA)
Fonte da classificação ou esquema de arquivamento na estante Classificação AGRIS
Ocultar no OPAC Não
Tipo de material Koha Analítica
Exemplares
Situação do descarte Fonte da classificação ou esquema de arquivamento na estante Situação física Não pode ser emprestado Biblioteca de origem Biblioteca atual Localização na estante Enumeração do periódico / cronologia Total de empréstimos Data de último acesso Número do exemplar Tipo de material Koha Fonte de aquisição
  Classificação AGRIS   Consulta local Biblioteca Nacional de Agricultura - Binagri Biblioteca Nacional de Agricultura - Binagri   (Jun 2009), v. 38(6) p. 1104-1113   29/11/2023 01 Periódicos Portaria Interministerial nº 164/94

BINAGRI

Telefone: (61)3218-2567/2388/3357/2097 - binagri@agro.gov.br

Ministério da Agricultura e Pecuária , Esplanada dos Ministérios, Bloco D, Anexo B, Brasília/DF, CEP: 70.043-900